| 000 | 00746cab a2200229 4500 | ||
|---|---|---|---|
| 001 | WB3521-06 | ||
| 008 | 090401t1999 xxu||||| |||| 00| 0 eng d | ||
| 035 | _a(Sirsi) u93695 | ||
| 041 | _aeng | ||
| 245 | _aGatwick wants more passengers | ||
| 260 | _c1999 | ||
| 350 | _a0 | ||
| 490 |
_aTimes _v1 June 1999, 8(1) |
||
| 520 | _aGatwick airport is to unveil expansion plans to handle an extra 10m passengers a year and an extra 40m within 5 years. A planning application to expand the north terminal will be submitted shortly. | ||
| 650 | _aAIRPORT DEVELOPMENT | ||
| 650 | _aAIRPORTS | ||
| 650 | _aBRITISH AIRPORT AUTHORITY | ||
| 650 | _aGATWICK AIRPORT | ||
| 690 | _aPROPERTY-COMMERCIAL PROPERTY | ||
| 942 | _n0 | ||
| 948 | _c02/06/1999 | ||
| 999 |
_c59389 _d59389 |
||